[Event "41st North Shore Open-A"]
[Site "Devonport"]
[Date "2014.09.07"]
[Round "5.9"]
[White "Zhang, William Jiewen"]
[Black "Runcan, Daniel I"]
[Result "1/2-1/2"]
[WhiteElo "1961"]
[BlackElo "2046"]
[PlyCount "67"]
[EventDate "2014.09.06"]
[EventType "swiss"]
[EventRounds "5"]
[EventCountry "NZL"]
[SourceDate "2014.09.06"]

1. d4 Nf6 2. c4 c5 3. d5 b5 4. cxb5 a6 5. b6 Qxb6 6. Nc3 g6 7. Nf3 d6 8. g3 Bg7
9. Bg2 a5 10. O-O Ba6 11. Qc2 Nbd7 12. Rd1 O-O 13. Rb1 Rab8 14. h3 Rb7 15. e4
Ne8 16. Be3 Qc7 17. Rdc1 Nb6 18. b3 Nf6 19. Bf1 Bxf1 20. Kxf1 Nfd7 21. Nb5 Qd8
22. a4 Nb8 23. Bd2 N6d7 24. Bc3 Na6 25. Bxg7 Kxg7 26. Qc3+ Kg8 27. Nd2 Nb4 28.
Re1 Nb6 29. Nc4 Nxc4 30. bxc4 Qd7 31. Kg2 f6 32. Re2 g5 33. Qf3 Rf7 34. Qh5
1/2-1/2

[Event "41st North Shore Open-A"]
[Site "Devonport"]
[Date "2014.09.07"]
[Round "5.10"]
[White "Krstev, Antonio"]
[Black "Rivas Villanueva, Andrea"]
[Result "1-0"]
[WhiteElo "2130"]
[BlackElo "1938"]
[PlyCount "71"]
[EventDate "2014.09.06"]
[EventType "swiss"]
[EventRounds "5"]
[EventCountry "NZL"]
[SourceDate "2014.09.06"]

1. d4 d5 2. c4 Bf5 3. cxd5 Bxb1 4. Rxb1 Qxd5 5. Qa4+ Nc6 6. Nf3 e6 7. a3 Bd6 8.
e3 Nge7 9. Bd3 O-O 10. e4 Qh5 11. e5 Nxe5 12. dxe5 Bxe5 13. Nxe5 Qxe5+ 14. Qe4
Ng6 15. O-O c6 16. Be3 Rfd8 17. Rfd1 Qh5 18. Bc2 Rd5 19. Bb3 Re5 20. Qf3 Qh4
21. Rd7 Rf5 22. Qg3 Qe4 23. Rbd1 Nf8 24. R1d4 Qe5 25. Qxe5 Rxe5 26. Rd8 Rxd8
27. Rxd8 f6 28. a4 Kf7 29. g3 a6 30. Rb8 b5 31. Rb7+ Kg6 32. Kg2 h6 33. Bc2+ f5
34. Bd4 Rd5 35. Rxg7+ Kh5 36. Bd1# 1-0